| 000 | 00356nam a2200133Ia 4500 | ||
|---|---|---|---|
| 008 | 240624s9999 xx 000 0 und d | ||
| 041 | _aeng | ||
| 082 | _a658.4063 AXE | ||
| 100 | _aAXELROD ALAN | ||
| 245 | _aEDISON ON INNOVATION 102 LESSONS IN CREA | ||
| 260 |
_c2008 _aSan francisco _bJossey-Bass |
||
| 300 | _axii, : 178 : p. : cm. ; 28 | ||
| 365 |
_c _b30 |
||
| 999 |
_c11932 _d11932 |
||